[Event "Adelaide-ch"]
[Site "Adelaide"]
[Date "2005.08.09"]
[Round "5"]
[White "Dakovic, Goran"]
[Black "Eustace, Sophie"]
[Result "0-1"]
[WhiteElo "1712"]
[BlackElo "974"]
[PlyCount "72"]
[EventDate "2005.07.12"]
[EventType "swiss"]
[EventRounds "7"]
[EventCountry "AUS"]
[SourceTitle "EXT 2010"]
[Source "ChessBase"]
[SourceDate "2010.11.25"]
[SourceVersion "1"]
[SourceVersionDate "2010.11.25"]
[SourceQuality "1"]

1. d4 d5 2. Nf3 Nf6 3. e3 Bg4 4. c4 e6 5. Qb3 b6 6. Ne5 Be7 7. Nc3 Bf5 8. cxd5 exd5 9. Bb5+ Nbd7 10. Nxd5 Nxd5 11. Qxd5 Be6 12. Qf3 0-0 13. Nc6 Qe8 14. d5 a6 15. Nxe7+ Qxe7 16. Bc6 Ne5 17. Qe4 Nxc6 18. dxe6 Qxe6 19. Qxe6 fxe6 20. b3 Nb4 21. Ke2 Rad8 22. f3 Rf5 23. Ba3 Nc2 24. Bb2 Nxa1 25. Rxa1 Rfd5 26. Bc3 Rc5 27. Bd2 Rc2 28. Rd1 Rxa2 29. e4 Rb2 30. b4 a5 31. bxa5 bxa5 32. Ke3 a4 33. Bc3 Rxd1 34. Bxb2 Rb1 35. Bc3 a3 36. Kd2 a2 0-1

[Event "Adelaide-ch"]
[Site "Adelaide"]
[Date "2005.08.02"]
[Round "4"]
[White "Cooke, Tristrom"]
[Black "Dakovic, Goran"]
[Result "1/2-1/2"]
[WhiteElo "1584"]
[BlackElo "1712"]
[PlyCount "73"]
[EventDate "2005.07.12"]
[EventType "swiss"]
[EventRounds "7"]
[EventCountry "AUS"]
[SourceTitle "EXT 2010"]
[Source "ChessBase"]
[SourceDate "2010.11.25"]
[SourceVersion "1"]
[SourceVersionDate "2010.11.25"]
[SourceQuality "1"]

1. e4 e6 2. d4 d5 3. exd5 exd5 4. Nf3 Bd6 5. c4 c6 6. c5 Bc7 7. Bd3 Nf6 8. Qe2+ Be6 9. Ng5 Qe7 10. Nxe6 Qxe6 11. 0-0 Qxe2 12. Bxe2 Nbd7 13. Nc3 0-0 14. Be3 Rfe8 15. b4 a6 16. a4 Re6 17. Bf3 Rae8 18. b5 Ba5 19. Ne2 R6e7 20. b6 Ne4 21. Rfd1 Ndf6 22. Kf1 Nc3 23. Nxc3 Bxc3 24. Rac1 Bb4 25. Bd2 Bxd2 26. Rxd2 Ne4 27. Re2 f5 28. Bxe4 Rxe4 29. Rce1 Kf7 30. f3 R4e6 31. Kf2 g5 32. Rxe6 Rxe6 33. Rxe6 Kxe6 34. g4 Kf6 35. h3 Kg6 36. Kg3 f4+ 37. Kf2 1/2-1/2

[Event "Adelaide-ch"]
[Site "Adelaide"]
[Date "2005.07.12"]
[Round "1"]
[White "Dakovic, Goran"]
[Black "Zulfic, Fedja"]
[Result "0-1"]
[WhiteElo "1712"]
[BlackElo "1177"]
[PlyCount "60"]
[EventDate "2005.07.12"]
[EventType "swiss"]
[EventRounds "7"]
[EventCountry "AUS"]
[SourceTitle "EXT 2010"]
[Source "ChessBase"]
[SourceDate "2010.11.25"]
[SourceVersion "1"]
[SourceVersionDate "2010.11.25"]
[SourceQuality "1"]

1. d4 Nf6 2. Nf3 g6 3. Bf4 Bg7 4. e3 0-0 5. Bd3 d6 6. Nbd2 Nbd7 7. h4 c5 8. h5 Nxh5 9. Rxh5 gxh5 10. Bxh7+ Kxh7 11. Ng5+ Kg8 12. Qxh5 Nf6 13. Qh4 d5 14. Be5 Bf5 15. c3 cxd4 16. exd4 Nd7 17. Bxg7 Kxg7 18. Qg3 Bg6 19. Ndf3 Qb8 20. Qh3 Nf6 21. Ne5 Rh8 22. Qg3 Ne4 23. Ne6+ Kg8 24. Qg4 Nf6 25. Qg3 Rh6 26. Qg5 Rh5 27. Qg3 Ne4 28. Qg4 Qc8 29. Nxg6 Qxe6 30. Nf4+ Qxg4 0-1

[Event "Adelaide Interclub"]
[Site "Adelaide"]
[Date "2004.??.??"]
[Round "6"]
[White "Saint, Andrew"]
[Black "Dakovic, Goran"]
[Result "1-0"]
[WhiteElo "1885"]
[BlackElo "1775"]
[PlyCount "61"]
[EventDate "2004.??.??"]
[EventType "team"]
[EventRounds "9"]
[EventCountry "AUS"]
[SourceTitle "EXT 2007"]
[Source "ChessBase"]
[SourceDate "2006.11.23"]
[SourceVersion "1"]
[SourceVersionDate "2006.11.23"]
[SourceQuality "1"]

1. c4 e6 2. d4 d5 3. Nf3 Nf6 4. Nc3 Nbd7 5. Bg5 c6 6. e3 Qa5 7. Nd2 dxc4 8. Bxf6 Nxf6 9. Nxc4 Qg5 10. Qf3 Be7 11. Bd3 0-0 12. Ne5 Nd5 13. Ne4 Qh6 14. Ng4 Qg6 15. Nef6+ Bxf6 16. Bxg6 fxg6 17. Nxf6+ Rxf6 18. Qg3 b6 19. a3 Ba6 20. Rc1 Bb5 21. b3 Raf8 22. h4 h6 23. f4 R8f7 24. a4 Bd3 25. Rxc6 Nb4 26. Rc8+ Kh7 27. Kd2 Be4 28. Rhc1 Nd5 29. Rd8 Nb4 30. Rcc8 g5 31. h5 1-0

[Event "Adelaide University op"]
[Site "Adelaide"]
[Date "2002.07.14"]
[Round "5"]
[White "Obst, James"]
[Black "Dakovic, Goran"]
[Result "0-1"]
[WhiteElo "1509"]
[BlackElo "1664"]
[PlyCount "115"]
[EventDate "2002.07.13"]
[EventType "swiss"]
[EventRounds "7"]
[EventCountry "AUS"]
[SourceTitle "EXT 2005"]
[Source "ChessBase"]
[SourceDate "2004.11.15"]
[SourceVersion "1"]
[SourceVersionDate "2004.11.15"]
[SourceQuality "1"]

1. e4 e6 2. d4 d5 3. Nd2 c5 4. c3 Nc6 5. Ngf3 Nf6 6. e5 Nd7 7. Bd3 Qb6 8. Qa4 f6 9. exf6 Nxf6 10. Ne5 c4 11. Bb1 Bd7 12. Nxd7 Nxd7 13. 0-0 0-0-0 14. Nf3 Bd6 15. Ng5 Rdf8 16. Nxe6 Rf6 17. Re1 Re8 18. Qc2 Rfxe6 19. Re3 Rxe3 20. Bxe3 Nf6 21. b4 Qc7 22. g3 Qd7 23. a4 g6 24. Kg2 Ne7 25. Bg5 Ne4 26. Bxe7 Qxe7 27. b5 Qg5 28. Ra2 h5 29. f3 Nxg3 30. Qxg6 Qxg6 31. Bxg6 Rg8 32. Bf7 Rg7 33. Be6+ Kc7 34. hxg3 Rxg3+ 35. Kf2 Rg5 36. Ra1 Bf4 37. Rh1 Kd6 38. Bf7 Bd2 39. Bxh5 Bxc3 40. Ke3 Rg2 41. f4 Bd2+ 42. Kf3 Rg8 43. Bg4 Rf8 44. f5 c3 45. Ke2 Re8+ 46. Kd3 Re3+ 47. Kc2 Re4 48. Bf3 Rxd4 49. Rh5 Rf4 50. Bh1 Rf2 51. Kd1 d4 52. Kc2 Be3+ 53. Kd3 c2 54. f6 c1Q 55. Rd5+ Kc7 56. Ke4 Qxh1+ 57. Ke5 Qxd5+ 58. Kxd5 0-1

[Event "Adelaide Interclub-A"]
[Site "Adelaide"]
[Date "2002.05.14"]
[Round "2.3"]
[White "Hester, David A"]
[Black "Dakovic, Goran"]
[Result "1/2-1/2"]
[WhiteElo "1735"]
[BlackElo "1664"]
[PlyCount "59"]
[EventDate "2002.05.07"]
[EventType "team-tourn"]
[EventRounds "9"]
[EventCountry "AUS"]
[SourceTitle "EXT 2023"]
[Source "ChessBase"]
[SourceDate "2022.10.05"]
[SourceVersion "1"]
[SourceVersionDate "2022.10.05"]
[SourceQuality "1"]

1. d4 e5 2. dxe5 Nc6 3. Nf3 Qe7 4. Nc3 Nxe5 5. e4 Nf6 6. Be2 b6 7. Bg5 Bb7 8. 0-0 0-0-0 9. a4 a5 10. Nd5 Qd6 11. Nxe5 Qxe5 12. Bf4 Qxe4 13. Bf3 Qg6 14. Nxc7 Bc5 15. Bxb7+ Kxb7 16. Nb5 d5 17. b4 Bxb4 18. c3 Bc5 19. Be5 Rhe8 20. Bd4 Bxd4 21. cxd4 Ne4 22. Rc1 Rc8 23. Re1 Rxc1 24. Qxc1 Rc8 25. Qf4 Rc2 26. Qe5 Qg5 27. Qe8 Qf4 28. Qe7+ Kc8 29. Qe8+ Kb7 30. Qe7+ 1/2-1/2